header

Selected papers from the PMAPS 2002 - conference on probabalistic methods applied to power systems, Naples 2002 (Record no. 69465)

MARC details
000 -LEADER
fixed length control field 01323nam a2200289Ia 4500
100 1# - MAIN ENTRY--AUTHOR NAME
Personal name Carpinelli, Guido.
245 10 - TITLE STATEMENT
Title Selected papers from the PMAPS 2002 - conference on probabalistic methods applied to power systems, Naples 2002
260 ## - PUBLICATION, DISTRIBUTION, ETC. (IMPRINT)
Place of publication Bradford, England :
Name of publisher Emerald Group,
Year of publication 2004.
300 ## - PHYSICAL DESCRIPTION
Number of Pages 349 p.
490 1# - SERIES STATEMENT
Series statement International Journal for Computation and Mathematics in Electrical and Electronic Engineering. No. 1 ;
650 #0 - SUBJECT ADDED ENTRY--TOPICAL TERM
Topical Term Electrical engineering.
Topical Term Electronics.
856 40 - ELECTRONIC LOCATION AND ACCESS
Uniform Resource Identifier http://site.ebrary.com/lib/rucke/Doc?id=10058593

No items available.

© 2026 Rongo University
Contact us: librarian | system librarian | Rongo university